000 01267nam a2200217 i 4500
001 BPP
003 BPK
005 20160126132354.0
008 160126s2012 pl f |000 0 pol
040 _cBPK
080 _a349.44
100 _aNIEDŹWIECKA, Maria.
_d1996 - .
_bPolitechnika Koszalińska - Wydział Inżynierii Lądowej, Środowiska i Geodezji,
_cZakład Gospodarki Nieruchomościami i Katastru Nieruchomości
245 _aPodstawy prawa geodezyjnego i budowlanego dla geodetów /
_cMaria Niedźwiecka.
260 _aKoszalin :
_bWydaw. Uczelniane Politechniki Koszalińskiej,
_c2012.
300 _a163 s.
500 _aDane z autopsji.
520 _aPraca stanowi materiał pomocniczy do nauczania przedmiotu "Prawo geodezyjne i budowlane". Tematyka przedmiotu jest realizowana poprzez analizę przepisów prawnych, a w szczególności ustaw : kodeks postępowania administracyjnego, prawo geodezyjne i kartograficzne, prawo budowlane oraz wybranych tematycznie aktów wykonawczych do tych ustaw i norm prawnych wynikających z wielu innych aktów normatywnych, niezbędnych do zrozumienia zagadnień prawem unormowanych poprzez wyżej wymienione trzy ustawy.
650 _aBudownictwo - prawo.
650 0 _aGeodezja.
942 _cKS
_2UKD
999 _c6483
_d6483